| 000 | 00508nam a2200181Ia 4500 | ||
|---|---|---|---|
| 001 | 8652 | ||
| 005 | 20260306160625.0 | ||
| 008 | 260306t1981||||xx |||||||||||||| ||spa|| | ||
| 041 | _aESP | ||
| 082 |
_a371.21 _bF96 |
||
| 110 | _aFundación Bernard van Leer | ||
| 245 | 0 |
_aLa educación infantil temprana e integrada : _bpreparación para el desarrollo social. Síntesis y conclusiones |
|
| 260 | _c1981 | ||
| 300 |
_a43 páginas : _c20 cm. |
||
| 650 | _aGEN | ||
| 654 | _aCED | ||
| 942 |
_cLIB _dJUS _fJUS _2ddc _n |
||
| 999 |
_c8652 _d8652 |
||